|
|
|
|
| LEADER |
00655nab a2200181 i 4500 |
| 001 |
univ9421 |
| 005 |
20180105082954.0 |
| 008 |
170606s1946 hu o 0|| hun d |
| 040 |
|
|
|a SZTE UnivHistória Repozitórium
|b hun
|
| 041 |
|
|
|a hun
|
| 100 |
1 |
|
|a Elekes Mihály
|
| 245 |
1 |
0 |
|a Hazatérő parasztok...
|h [elektronikus dokumentum] :
|b [vers] /
|c Elekes Mihály
|
| 260 |
|
|
|c 1946-11-20
|
| 300 |
|
|
|a 3
|
| 490 |
0 |
|
|a Egyetemi ifjúság : a szegedi egyetemi és főiskolai ifjúság lapja
|
| 561 |
|
|
|a Egyetemi, hallgatói élet
|
| 695 |
|
|
|a Magyar irodalom - vers
|
| 856 |
4 |
0 |
|u http://univ.bibl.u-szeged.hu/9421/1/egyetemi_ifjusag_1946_10_20_003.pdf
|z Dokumentum-elérés
|